00829 a2200217 4500020002300000035001300023037004600036082001200082090001500094100001700109245011100126250001100237260004500248270006900293300003300362500002100395700002200416942002700438999001500465952013100480 a0195661737c395.00 aB-119956 bRP-ZLS-2347 / UBH-05-06:13 / RP-05-06:ENG14a344.046 c2589d25891 aDivan, Shyam1 aEnvironmental law and policy in Indiabcases, materials and statutsescby Shyam Divan and Armin Rosencranz a2nd ed aNew DelhibOxford University Pressc2005 aYMCA Library Building, Jai Singh Road,bNew DelhicDelhie110001 axxxviii, 837 pc24 cm (pbk) aincludes index aRosencranz, Armin adplcENk344.046 / DIV c2546d2546 00102ddc40708NFICaZLSbZLSeDBAD/PUBg395.00l0o344.046 DIVpB-119956r2008-09-15 00:00:00u2683v395.00w2008-09-15yEN